| 000 | 01010nam a2200313 i 4500 | ||
|---|---|---|---|
| 003 | EG-GICUC | ||
| 005 | 20260501141541.0 | ||
| 008 | 260501s1899 fr ||||fr|||| 00| 0 fre d | ||
| 040 |
_aEG-GiCUC _bfre _cEG-GiCUC _dEG-GiCUC _eRda |
||
| 041 |
_afre _hfre |
||
| 082 | 0 | 4 |
_221 _a343.42 _bBR . E |
| 092 | 0 | 4 | _221 |
| 099 | _aLaw1 10 343.42 BR . E 1899 | ||
| 100 | 1 |
_aBrouardel, Paul _eAuteur |
|
| 245 | 1 | 0 |
_aL'Exercice de la médecine et le charlatanisme / _cPar Paul Brouardel. |
| 264 | 1 |
_aParis : _bJ. B. Baillière, _c1899. |
|
| 300 |
_a564 pages ; _c24 cm. |
||
| 336 |
_2rda contenu _a texte |
||
| 337 |
_2rda medias _aOrdinateur |
||
| 338 |
_2 transporteur rda _a Ressource en ligne |
||
| 546 | _aTexte en français | ||
| 650 | 1 | _aDroit pénal | |
| 650 | 1 | _aLégislations pénales spéciales | |
| 650 | 1 | _aDroit pénal complémentaire | |
| 653 | _aL'exercice illégal de la médecine | ||
| 856 | 4 | 0 | _uhttps://fll.law.cu.edu.eg/fulltext/bks/B10-11635.pdf |
| 905 | _a43 | ||
| 942 |
_2ddc _n0 _cBK _e21 |
||
| 999 |
_c74643 _d74643 |
||